Investigating barriers to ICT adoption in site management (Record no. 115553)

MARC details
000 -LEADER
fixed length control field 01054cad a2200253 4500
001 - CONTROL NUMBER
control field L158864
008 - FIXED-LENGTH DATA ELEMENTS--GENERAL INFORMATION
fixed length control field 100215n2013 000 0 eng u
020 ## - INTERNATIONAL STANDARD BOOK NUMBER
International Standard Book Number 9781783210305
035 ## - SYSTEM CONTROL NUMBER
System control number (Sirsi) u158864
041 ## - LANGUAGE CODE
Language code of text/sound track or separate title eng
100 1# - MAIN ENTRY--PERSONAL NAME
Personal name Aghaegbuna, Ozumba
111 2# - MAIN ENTRY--MEETING NAME
Meeting name or jurisdiction name as entry element Construction and Building Research Conference
Location of meeting IIT Delhi, New Delhi
Date of meeting or treaty signing 10-12 September 2013
245 00 - TITLE STATEMENT
Title Investigating barriers to ICT adoption in site management
Remainder of title A pilot case study in South Africa
Medium [electronic resource]
260 ## - PUBLICATION, DISTRIBUTION, ETC.
Place of publication, distribution, etc. London
Name of publisher, distributor, etc. RICS
Date of publication, distribution, etc. 2013
490 #0 - SERIES STATEMENT
Series statement COBRA
Volume/sequential designation 2013
520 ## - SUMMARY, ETC.
Summary, etc. A paper presented at the COBRA Conference in New Delhi on 10-12 September 2013. Concerns itself with the construction industry's challenges in the adoption of ICT with a focus on construction site management in the context of South Africa.
650 24 - SUBJECT ADDED ENTRY--TOPICAL TERM
Topical term or geographic name entry element CONSTRUCTION AND BUILDING RESEARCH CONFERENCE (COBRA)
650 24 - SUBJECT ADDED ENTRY--TOPICAL TERM
Topical term or geographic name entry element ICT
650 24 - SUBJECT ADDED ENTRY--TOPICAL TERM
Topical term or geographic name entry element SITE MANAGEMENT
651 #4 - SUBJECT ADDED ENTRY--GEOGRAPHIC NAME
Geographic name South Africa
690 ## - LOCAL SUBJECT ADDED ENTRY--TOPICAL TERM (OCLC, RLIN)
Topical term or geographic name as entry element Construction management
9 (RLIN) 6230
700 1# - ADDED ENTRY--PERSONAL NAME
Personal name Winston, Shakantu
942 ## - ADDED ENTRY ELEMENTS (KOHA)
Suppress in OPAC 0
Holdings
Withdrawn status Lost status Source of classification or shelving scheme Damaged status Not for loan Home library Current library Shelving location Date acquired Total Checkouts Full call number Barcode Date last seen Copy number Price effective from Koha item type
    Dewey Decimal Classification     Virtual Virtual Online 26/08/2015   ONLINE PUBLICATION 158864-2001 06/08/2019 1 06/08/2019 Book